00638nam a22002057i 450000100030000000300040000300500170000700700030002400800410002702400120006804000080008008400120008810000260010024501440012626000430027030000190031349000620033265100170039470000210041176OSt20170126082238.0tu161220s1992 xxu||||| |||| 00| 0 d7 a752RID cOSt a8.242z1 aRutgaizer, Valeriy M.00aThe Shadow Economy in the USSR - 1: A Survey of Soviet Research; 2: Sizing Up the Shadow Economy (Review and Analysis of Soviet Estimates aBerkeley, Durham :bWEFA Group,c1992. a77 S. ;c30cm. aBerkeley-Duke Occasional Papers on the Second Economyv34 aSoviet Union1 aTreml, V.G.eEd.